00696nam a22001817a 4500003000900000008004100009040007100050082002000121245007200141260005200213300004400265440003400309505009300343650002400436650001500460650001300475700002600488AR-CdUCM190425b ||||| |||| 00| 0 spa d aMUNICIPALIDAD PROVINCIAL DEL CUSCOcBIBLIOTECA MUNICIPAL DEL CUSCO aSur/N°188/1991 aSur :bsemanario regional surandino /cGuido Delran Cousy, Director aCusco.bCentro Bartolomé de las Casas,c1991. a8 páginas. :bilustraciones ;c29 cm. aSur.nAño XIV, N°188,1991. aContenido: Tahuamanu sede de la Región Inka. -- La saciedad en los poetas muertos. ... aSociedad cusqueña aPolítica aSiglo XX aNieto Degregori, Luis